Cómo aprender la escritura creativa

Enregistré dans:
Détails bibliographiques
Auteur principal: Díaz Arancibia, Luis Alberto (Auteur)
Format: Livre
Langue:espagnol
Publié: Valparaíso Ediciones Universitarias 2013
Édition:1a. ed
Sujets:
Tags: Ajouter un tag
Pas de tags, Soyez le premier à ajouter un tag!

MARC

LEADER 00000cam a2200000 a 4500
001 UCE0456
003 CL-VaPUC
008 140116e20130000cl |||||||||||||||||spa|d
020 |a 9789561705456 
082 0 4 |a 372.634  |b DIA  |2 21 
100 0 |a Díaz Arancibia, Luis Alberto  |e author  |9 572806 
245 1 0 |a Cómo aprender la escritura creativa 
250 |a 1a. ed 
300 |a 107 p 
942 |c BK 
945 |d 20140116 11:53:00  |a dcastane 
260 |a Valparaíso  |b Ediciones Universitarias  |c 2013 
650 0 |a Enseñanza de la escritura  |9 307377 
650 0 |a Métodos de enseñanza  |9 270413 
650 0 |a Creatividad   |9 310816 
650 0 |a Cognición   |9 270347 
583 |a last modification  |c 20140116 11:53:00  |k Rodrigo Vera 
999 |c 354577  |d 354575 
952 |0 0  |1 0  |3 erb  |4 0  |6 372_634000000000000_DIA_2013  |7 0  |8 A  |9 460535  |a BIBEDU  |b BIBEDU  |c ES_NOD  |i 5052084  |l 2  |m 1  |o 372.634 DIA 2013  |p 5052084  |r 2023-11-09  |s 2023-11-09  |w 2019-11-23  |y BK  |z Catalogado en:20140116  |k PAR 
952 |0 0  |1 0  |3 erb  |4 0  |6 372_634000000000000_DIA_2013  |7 0  |8 A  |9 460536  |a BIBEDU  |b BIBEDU  |c ES_NOD  |i 5052092  |o 372.634 DIA 2013  |p 5052092  |r 2023-08-09  |w 2019-11-23  |y BK  |z Catalogado en:20140116  |k PAR